=LDR 00000nam 2200000 4500 =001 INLIS000000000040359 =005 20130612145927 =008 ***********************************Ind** =035 ##$$0010-061300000040359 =041 ##$$a Ind =082 ##$$a 813 =090 ##$$a 813, Ara a.2 =100 ##$$a Arana,Niki =245 ##$$a The winds of sonoma, Niki Arana =260 ##$$a 2007 $b Yogyakarta =300 ##$$a 474 hlm, 21 cm =700 ##$$a Lili Budiarjo =850 ##$$a NBPNMAT =990 ##$$a 57525752